• 首页
  • 本馆介绍
  • 公告通知
  • 最新文献
  • 馆藏检索
  • 电子资源
  • 读者导购
  • 参考咨询
  • 我的图书馆
  • 登录
  • 详细信息显示
  • 放入我的书架
  • 预约/预借图书
  • 作者相关作品
  • 分类相关作品
  • 丛书相关作品
  • 出版社相关作品

书目信息

  • 表格格式
  • 工作单格式
  • 卡片格式
题名:
进一步,退两步
    
 
作者: 列宁 著 ;中共中央马克思恩格斯列宁斯大林著作编译局 编译
分册:  
出版信息: 北京   人民出版社  2018.12
页数: 286页
开本: 23cm
丛书名: 马列主义经典作家文库
单 册:
中图分类: A164
科图分类:
主题词: 马列著作--马克思主义
电子资源:
ISBN: 978-7-01-018215-5
000 00998oam2 2200253 450
001 2131366930
005 20211117084251.81
010    @a978-7-01-018215-5@dCNY39.00
100    @a20190218d2018 em y0chiy50 ea
101 1  @achi@crus
102    @aCN@b110000
105    @aa z 000yy
200 1  @a进一步,退两步@f列宁[著]@g中共中央马克思恩格斯列宁斯大林著作编译局编译
210    @a北京@c人民出版社@d2018.12
215    @a286页@c图@d23cm
225 2  @a马列主义经典作家文库@i著作单行本
330    @a《马列主义经典作家文库》精选和汇集马克思、恩格斯、列宁的重要著述,采用经过校订的最新译文,并附有各种必要的参考资料,以满足广大读者学习和研究的多层次需要。内容包括:代表大会的准备;代表大会上的派别划分的意义等。
333    @a一般读者
606 0  @a马列著作@x马克思主义
690    @aA164@v5
701  0 @c(苏)@a列宁@c(Ленин, Владимир Ильич@f1870-1924)@4著
712 02 @a中共中央马克思恩格斯列宁斯大林著作编译局@4编译
801  0 @aCN@b山东中教@c20211112
905    @aZUCC@dA164@e2
    
    进一步,退两步/列宁[著]/中共中央马克思恩格斯列宁斯大林著作编译局编译.-北京:人民出版社,2018.12
    286页:图;23cm.-(马列主义经典作家文库.著作单行本)
    使用对象:一般读者
    
    ISBN 978-7-01-018215-5:CNY39.00
    《马列主义经典作家文库》精选和汇集马克思、恩格斯、列宁的重要著述,采用经过校订的最新译文,并附有各种必要的参考资料,以满足广大读者学习和研究的多层次需要。内容包括:代表大会的准备;代表大会上的派别划分的意义等。
●
相关链接 在五车中查询图书 在当当中查询图书 在豆瓣中查询图书


正题名:进一步,退两步     索取号:A164/2         预约/预借

序号 登录号 条形码 馆藏地/架位号 状态 备注
1 2000890038   2000890038   第三书库/ [索取号:A164/2] 在馆    
2 2000890039   2000890039   第三书库/ [索取号:A164/2] 在馆    
3 2000890040   2000890040   第三书库/ [索取号:A164/2] 在馆    
山东省滨州职业学院图书馆 欢迎您!
大连网信软件有限公司© 版权所有